Tăng trưởng kinh tế và công bằng xã hội lý thuyết và thực tiễn ở Thành phố Hồ Chí Minh

保存先:
書誌詳細
第一著者:  Đỗ Phú Trần Tình
フォーマット: Sách
言語:Undetermined
出版事項:  Lao động  2010
主題:
タグ: タグ追加
タグなし, このレコードへの初めてのタグを付けませんか!
Thư viện lưu trữ: Trung tâm Thư viện - Trường Đại học Công nghiệp TP. Hồ Chí Minh
LEADER 00631nam a2200157Ia 4500
001 UIH_04953
008 231011s9999 xx 000 0 und d
082 |a  330.959771 
100 |a  Đỗ Phú Trần Tình 
245 0 |a  Tăng trưởng kinh tế và công bằng xã hội lý thuyết và thực tiễn ở Thành phố Hồ Chí Minh 
245 0 |c  Đỗ Phú Trần Tình 
260 |b  Lao động 
260 |c  2010 
650 |a  Tăng trưởng kinh tế;  
927 |a Sách 
980 |a Trung tâm Thư viện - Trường Đại học Công nghiệp TP. Hồ Chí Minh